Как спросить? Как сказать?: пособие по развитию речи для изучающих русский язык как иностранный

Bibliographic Details
Main Author: Бондарь Н. И. Наталия Ивановна
Other Authors: Лутин С. А. Сергей Алексеевич
Summary:Пособие предназначено для занятий русским языком как иностранным на среднем и среднепродвинутом этапе. Цель пособия — обучение общению в социально-бытовой сфере, а именно: речевой этикет, описание внешности и характера человека, бытовое обслуживание, русские праздники; общение в общежитии, в деканате, в международном отделе, на почте, в библиотеке, в магазине, на рынке и т. д. Предусматривается обучение всем видам речевой деятельности. Каждый раздел содержит грамматический материал в рамках первого сертификационного уровня владения русским языком и соответствующую систему упражнений. В конце пособия дан краткий Грамматический комментарий, удобный для обобщения и систематизации базовой грамматики. К пособию прилагается CD-ROM с текстами для аудирования.
Language:Russian
Published: Москва, Русский язык. Курсы, 2006
Subjects:
Format: Unknown
KOHA link:https://koha.lib.tpu.ru/cgi-bin/koha/opac-detail.pl?biblionumber=128769

MARC

LEADER 00000nmm0a2200000 4500
001 128769
005 20231031133103.0
010 |a 5883371094 
035 |a (RuTPU)RU\TPU\book\139359 
090 |a 128769 
100 |a 20080114d2006 m y0rusy50 ca 
101 0 |a rus 
102 |a RU 
105 |a y j 000zy 
200 1 |a Как спросить? Как сказать?   |e пособие по развитию речи для изучающих русский язык как иностранный  |f Н. И. Бондарь, С. А. Лутин 
210 |a Москва  |c Русский язык. Курсы  |d 2006 
215 |a 256 с.  |e Прилож.: CD-R 
318 |5 63413507  |a Живем и учимся в России  |b выставка 
330 |a Пособие предназначено для занятий русским языком как иностранным на среднем и среднепродвинутом этапе. Цель пособия — обучение общению в социально-бытовой сфере, а именно: речевой этикет, описание внешности и характера человека, бытовое обслуживание, русские праздники; общение в общежитии, в деканате, в международном отделе, на почте, в библиотеке, в магазине, на рынке и т. д. Предусматривается обучение всем видам речевой деятельности. Каждый раздел содержит грамматический материал в рамках первого сертификационного уровня владения русским языком и соответствующую систему упражнений. В конце пособия дан краткий Грамматический комментарий, удобный для обобщения и систематизации базовой грамматики. К пособию прилагается CD-ROM с текстами для аудирования. 
610 1 |a русский язык 
610 1 |a русский язык для иностранцев 
610 1 |a русский язык как иностранный 
610 1 |a лексика 
610 1 |a разговорная речь 
610 1 |a упражнения 
610 1 |a учебные пособия 
610 1 |a русский как иностранный 
686 |a Ш141.2-96  |v LBC/SL-A  |2 rubbk 
700 1 |a Бондарь  |b Н. И.  |g Наталия Ивановна 
701 1 |a Лутин  |b С. А.  |g Сергей Алексеевич 
801 1 |a RU  |b 63413507  |c 20080114  |g PSBO 
801 2 |a RU  |b 63413507  |c 20190220  |g PSBO 
942 |c MX 
959 |a 2/20080114  |d 3  |e 350,00  |f ЧЗИЛ:1  |f ЯЦ_ИМО:2